000 00590nam a22001937a 4500
005 20251108165928.0
008 250721s9999 xx 000 0 ara d
082 1 4 _aط/922.1/داع
100 1 _aالداعوق، محمد عمر
245 1 0 _aمصعب بن عمير :
_bالمهاجر الدائم /
264 1 _aبيروت :
_bالمكتبة العصرية،
_c[19-].
300 _a30ص.
490 0 _aسلسلة الأبطال
_v1
650 1 7 _aالإسلام
650 1 7 _aالتراجم
653 _aناشئون صغار (10-14) سنة
942 _2ddc
_cBK
999 _c35072
_d35072